000 00894nam a2200265Ia 4500
003 OSt
005 20221005051006.0
006 a|||||r|||| 00| 0
007 ta
008 221004b |||||||| |||| 00| 0 eng d
020 _a9789004256972 (hbk)
_c11510.1
024 _a12715
037 _b40534, 07/03/2014, Segment Book Distributors
_cTextual
040 _aCRL
_cCRL
_beng
041 _2eng
_aeng
082 _aV1:44.P1, Q4
100 _aJanmyr Maja
_9595564
245 0 _aProtecting civilians in refugee camps
_b Unable and unwilling states, UNHCR and international responsibility
260 _aLeiden
_bMartinus Nijhoff UK
_c2014
300 _ax, 400p.
_ccm.
490 _aInternational refugee law series; Vol. 1
650 _aHISTORY
942 _hV1:44.P1, Q4
_cTEXL
_2cc
999 _c958114
_d958114